000 00849nam a2200265 a 4500
001 000000823
003 OSt
005 20260313093410.0
007 ta
008 090522s1925 dr ac 001 0 spa d
040 _aDO-SdBNP
_bspa
_cBNPHU
082 7 4 _a320.532
_bC468p
_222
100 1 _aChapuseaux, G. Adalberto
_92878
245 1 3 _aEl por qué del bolshevikismo /
_cG. Adalberto Chapuseaux ; introducción Inocencia Godofredo.
260 _aSanto Domingo :
_bMontalvo,
_c1925.
300 _a218 p. :
_bil., retrs. ;
_c24 cm.
650 0 _aCiencias políticas
_92426
650 4 _aPolítica internacional
_92879
650 4 _aComunismo
_92880
650 0 _aSocialismo
_9287
650 4 _aRepública dominicana
_xPolítica y gobierno
_92488
700 1 _aGodofredo, Inocencia
_92881
910 _aValidado. Control de calidad EMS
942 _2ddc
_cLBS1
999 _c819
_d819